Transformers - Statistics

Estatísticas Gerais
  • Esse quiz foi jogado 18 vezes
  • A pontuação média é 5 de 9
Estatísticas das Respostas
Ano Nome % Correto
2007 Transformers
100%
2009 Transformers: A Vingança dos Derrotados
80%
2011 Transformers: O Lado Oculto da Lua
80%
2018 Bumblebee
73%
2014 Transformers: A Era da Extinção
73%
2017 Transformers: O Último Cavaleiro
60%
2024 Transformers: O Início
47%
2023 O Despertar das Feras
27%
1986 Transformers G1: O Filme
7%
Nenhum quiz correspondente encontrado
Distribuição das Pontuações
Porcentagem de Pessoas com Cada Pontuação
Percentil de Números Respondidos
Sua Pontuação Histórica
Você não jogou esse quiz